States with the Most Checkers & Rally's Locations Quiz - Statistics

General Stats
  • This quiz has been taken 44 times
    18 since last reset
  • The average score is 5 of 10
Answer Stats
Locations State % Correct
138 Florida
80%
70 Georgia
80%
67 Ohio
80%
35 Indiana
70%
30 New York
70%
33 California
40%
39 Louisiana
40%
35 Maryland
30%
58 Michigan
30%
28 Kentucky
20%
No matching quizzes found
Score Distribution
Percent of People with Each Score
Percentile by Number Answered
Your Score History
You have not taken this quiz since the last reset